Obra poética,1922-1958
Enregistré dans:
| Auteur principal: | |
|---|---|
| Format: | Inconnue |
| Langue: | Spanish |
| Publié: |
La Habana, Cuba:
Letras Cubana,
1980
|
| Sujets: | |
| Tags: |
Ajouter un tag
Pas de tags, Soyez le premier à ajouter un tag!
|
MARC
| LEADER | 000000000a22000000004500 | ||
|---|---|---|---|
| 001 | 000568 | ||
| 008 | 140617s1980 cu a|||| |||| 001 pdspa d | ||
| 041 | 0 | |a español | |
| 082 | |a Cu861.4 |b G958o | ||
| 100 | 1 | |a Guillén, Nicolás, |d 1902-1989 | |
| 245 | 1 | 0 | |a Obra poética,1922-1958 |c Nicolás Guillén |
| 260 | |a La Habana, Cuba: |b Letras Cubana, |c 1980 | ||
| 300 | |a 2 volumenes : |b ilustraciones | ||
| 650 | 4 | |a LITERATURA CUBANA |v POESIA | |
| 942 | |2 ddc |c BK | ||
| 999 | |c 3300 |d 3300 | ||
